Demokracie v Americe 1.

Enregistré dans:
Détails bibliographiques
Auteur principal: Tocqueville, Alexis de, 1805-1859 (de)
Autres auteurs: Jochman, V. (730)
Format: Livre
Langue:tchèque
Publié: Praha Nakl.Lidové noviny 1992
Sujets:
Accès en ligne:Voir à l'OPAC
Tags: Ajouter un tag
Pas de tags, Soyez le premier à ajouter un tag!

MARC

LEADER 00000nam a2200000 a 4500
005 20260127134328.0
008 131003s1992 CS 000 0 cze
020 |a 807106050X 
035 |a vtls008164552 
035 |a SPKKN1006 
039 9 |a 201310031119  |b VLOAD  |y 200506290821  |z VLOAD 
040 |a SPKKN  |b slo  |c SNK  |d SPK  |e AACR2 
041 |a cze 
044 |a CS 
100 1 |a Tocqueville, Alexis de,  |d 1805-1859  |4 de  |9 990 
245 1 0 |a Demokracie v Americe 1.  |c Alexis Tocqueville; V. Jochman 
260 |a Praha  |b Nakl.Lidové noviny  |c 1992 
300 |a 378 s. 
653 |a politika-USA-demokracia 
655 |a odborné publikácie 
700 1 1 |a Jochman, V.  |4 730 
910 |a spkonkat 
918 |a 80-7106-050-X 
999 |c 9998  |d 9998